000 01207nam a2200241Ia 4500
003 Ost
005 20260507075159.0
008 260507s9999||||xx |||||||||||||| ||und||
020 _a5452499579
040 _cfsecg
041 _aara
082 _a330
100 _aطعمة، حسن ياسين
_eمؤلف
245 0 _aالرياضيات للاقتصاد و العلوم الادارية و المالية /
_c حسن ياسين طعمة
260 _aعمان:
_bدار صفاء,
_c2010
300 _a373 صفحة؛
_bإيضاحات ؛
_c24 سم
504 _aمراجع ص.371
520 _aالدوال و تطبيقاتها ، جبر المصفوفات و تطبيقاتها ، حل النماذج الاقتصادية باستخدام جبر المصفوفات ، النهايات و الاتصال ، المشتقة و تطبيقاتها ، التكامل و تطبيقاته ، المتواليات العددية و تطبيقاتها و أخيرا نماذج البرمجة الخطية مع وجود أسئلة في نهاية كل فصل .
653 _aالإقتصاد الرياضي
653 _aالرياضيات
653 _aالعلوم الإدارية
942 _cكتاب
999 _c43391
_d43391